000 01672cam a2200289 a 4500
999 _c18472
_d18472
001 15030136
005 20161220153622.0
008 071001s2008 enka b 001 0 eng
010 _a 2007040449
020 _a9780195314694 (cloth)
020 _a9780195336061 (pbk.)
040 _aDLC
_cDLC
_dDLC
050 0 0 _aNA4605
_b.K48 2008
100 1 _aKilde, Jeanne Halgren,
_d1957-
245 1 0 _aSacred power, sacred space :
_ban introduction to Christian architecture and worship /
_cJeanne Halgren Kilde.
260 _aOxford ;
_aNew York :
_bOxford University Press,
_c2008.
300 _a236 p. :
_bill. ;
_c24 cm.
504 _aIncludes bibliographical references and index.
505 0 _aA method for thinking about power dynamics in Christian space -- Early Christian meeting space in the Roman empire -- Imperial power in Constantinian and Byzantine churches -- From abbey to great church, fortress to heavenly city -- Transformations of the Renaissance and Reformation -- Formalism and non- or anti-formalism in worship and architecture -- Historicism, modernism, and space -- Concluding observations.
650 0 _aLiturgy and architecture
_xHistory.
650 0 _aChurch architecture
_xHistory.
942 _2lcc
_cBOOKS
_hNA4605 .K48 2008